000 01353nam a2200409 i 4500
001 11272
003 KOSZ 005
005 20201214125812.0
008 081022s1950 pl f f |000 0 pol
015 _aPB 1950/2898
035 _a(OCoLC)316600770
040 _aWA N
_cWA N
_dKOSZ 005/EG
_dKOSZ 005/HR
041 _apol
046 _k1950
080 _a66.01/.09
080 _a(07)
100 1 _aPrużan, Michał
_eAutor
245 1 0 _aTechnologia środków kosmetycznych :
_bnowoczesna aparatura, surowce, przepisy, ustawodawstwo /
_cMichał Prużan.
260 _aŁódź :
_bPolska Agencja Wydawnicza,
_c1950.
300 _a352 s. ;
_c22 cm.
336 _2rdacontent
_aTekst
_btxt
337 _2rdamedia
_aBez urządzenia pośredniczącego
_bn
338 _2rdacarrier
_aWolumin
_bnc
380 _aKsiążki
380 _aPublikacje dydaktyczne
385 _mPoziom nauczania
_aSzkoły zawodowe
388 _a1901-2000
388 _a1945-1989
650 4 _aKosmetyki
650 4 _aTechnologia chemiczna
655 4 _aPodręczniki dla szkół zawodowych
658 _aChemia
658 _aInżynieria i technika
710 2 _aPolska Agencja Wydawnicza
_4pbl.
856 _uhttp://koha.tu.koszalin.pl/cgi-bin/koha/opac-detail.pl?biblionumber=11272
_yKatalog online BPK
942 _2UKD
_cKS
999 _c11272
_d11272